Miền Đông Nam Bộ - Bảy mươi năm từ "Gian lao mà anh dũng" đến hành trình thành động lực tăng trưởng vùng kinh tế trọng điểm (1945-2015)

Salvato in:
Dettagli Bibliografici
Autore principale: Nguyễn, Văn Hiệp
Natura: Libro
Lingua:Undetermined
Soggetti:
Accesso online:http://lrc.tdmu.edu.vn/opac/search/detail.asp?aID=2&ID=24574
Tags: Aggiungi Tag
Nessun Tag, puoi essere il primo ad aggiungerne! !
Thư viện lưu trữ: Trung tâm Học liệu Trường Đại học Thủ Dầu Một
LEADER 00748nam a2200145Ia 4500
001 TDMU_24574
008 210410s9999 xx 000 0 und d
082 |a 959.7 
100 |a Nguyễn, Văn Hiệp 
245 0 |a Miền Đông Nam Bộ - Bảy mươi năm từ "Gian lao mà anh dũng" đến hành trình thành động lực tăng trưởng vùng kinh tế trọng điểm (1945-2015) 
245 0 |c Nguyễn Văn Hiệp 
300 |a Tr.11-18 
650 |a Lịch sử; Miền Đông Nam Bộ; Kháng chiến; Xây dựng; Kinh tế; Trọng điểm 
856 |u http://lrc.tdmu.edu.vn/opac/search/detail.asp?aID=2&ID=24574 
980 |a Trung tâm Học liệu Trường Đại học Thủ Dầu Một